| 000 | 00824nam a2200265 a 4500 | ||
|---|---|---|---|
| 001 | BRCA_5957 | ||
| 005 | 20190320205257.0 | ||
| 008 | 240311s1901----enka######---#000-0#ger-# | ||
| 041 | _ager | ||
| 044 | _aenk | ||
| 050 | 4 |
_aBX4655 _b.B45 1 1901 |
|
| 100 | 1 |
_aBell, Arthur _915043 |
|
| 245 | 1 | 0 |
_aLives and legends of the evangelists, apostles, and other early saints _cby Mrs. Arthur Bell. |
| 260 |
_aLondres _bG. Bell _c1901 |
||
| 300 |
_axiv, 284 p. _bil., 40 láminas _c22 cm. |
||
| 500 | _aIncluye índice alfabético e índice de ilustraciones | ||
| 500 | _aEdición con cantos dorados | ||
| 500 | _aEjemplar igual a Y39 | ||
| 500 | _aG82 | ||
| 650 | 1 | 4 |
_aSantos _vBiografías _915044 |
| 650 | 1 | 4 |
_aEvangelistas _vBiografías _915045 |
| 650 | 1 | 4 |
_aApostoles _vBiografías _915046 |
| 902 | _aGFM | ||
| 942 |
_2lcc _cB |
||
| 999 |
_c5646 _d5646 |
||